00712nam a2200229Ia 45000010006000000050017000060070003000230080041000260400025000670410008000920820020001001000021001202450060001412500013002012600049002143000019002636530016002826530020002989420012003189520135003309990017004654783920240114003845.0ta090506s1985 g b000 u 465 u aCotton College,Assam a465 a515.4bTr 73 In aTricomi, F. G. . 0aIntegral Equations /cF. G. Tricomi.hTextual Documents a1st ed / aNew York :bDover Publications Inc. ,c1985. a238p ;c23 cm. aMathematics aT/G-mathematics 2ddccBK 001040708Circulation (T/G)aSKBLbSKBLd2012-02-01f00000l0o515.4 Tr 73 Inp1257/Mathr2024-01-14 00:00:00t1w2012-02-01yBK c47804d47804